Gravitation
Guardat en:
| Autors principals: | , , |
|---|---|
| Format: | Llibre |
| Idioma: | anglès |
| Publicat: |
Nueva York
W. H. Freeman
1973
|
| Matèries: | |
| Etiquetes: |
Afegir etiqueta
Sense etiquetes, Sigues el primer a etiquetar aquest registre!
|
MARC
| LEADER | 00000nam a2200000 a 4500 | ||
|---|---|---|---|
| 001 | UCT1111 | ||
| 003 | CL-VaPUC | ||
| 008 | 960927e19730000US |||||||||||||||||eng|d | ||
| 020 | |a 0716703440 | ||
| 082 | 0 | 4 | |a 531.14 |b MIS |2 21 |
| 100 | |a Misner, Charles W. |e autor |9 369893 | ||
| 700 | 0 | |a Thorne, Kip S |e author |9 369894 | |
| 700 | 0 | |a Wheeler, John Archibald |e author |9 369895 | |
| 245 | 1 | 0 | |a Gravitation |
| 300 | |a 1279 p | ||
| 942 | |c BK | ||
| 945 | |d 19960927 00:00:00 |a rleighto | ||
| 260 | |a Nueva York |b W. H. Freeman |c 1973 | ||
| 600 | 0 | |a Einstein, Albert |e autor |9 266229 | |
| 650 | 0 | |a Gravitación |9 332312 | |
| 650 | 0 | |a Astrofísica |9 269137 | |
| 650 | 0 | |a Relatividad |9 269977 | |
| 650 | 7 | |a CAMPOS ELECTROMAGNETICOS |2 CL-VaPUC |9 264139 | |
| 650 | 0 | |a Electromagnetismo |9 260123 | |
| 650 | 0 | |a Universo |9 266563 | |
| 650 | 0 | |a Cosmología |9 269138 | |
| 583 | |a last modification |c 19960927 00:00:00 |k Rodrigo Vera | ||
| 999 | |c 251766 |d 251764 | ||
| 952 | |0 0 |1 0 |4 0 |6 531_140000000000000_MIS_1973 |7 0 |8 A |9 271155 |a BIBCUR |b BIBCUR |d 2019-11-19 |i 4034945 |l 1 |m 1 |o 531.14 MIS 1973 |p 4034945 |r 2025-04-22 |s 2023-11-08 |w 2019-11-19 |y BK |k FIS | ||
| 952 | |0 0 |1 0 |4 0 |6 531_140000000000000_MIS_1973 |7 0 |8 A |9 271156 |a BIBCUR |b BIBCUR |d 2019-11-19 |i 4542827 |l 4 |m 2 |o 531.14 MIS 1973 |p 4542827 |r 2025-04-22 |s 2024-04-03 |w 2019-11-19 |y BK |k FIS | ||